000 00773cam a22002534a 4500
001 12582370
005 20180119080015.0
008 011105s2002 enka b 001 0 eng
010 _a 2001098005
020 _a0754617289
040 _aDLC
_cDLC
_dDLC
041 _aeng
042 _apcc
043 _ae-uk---
080 _a331.13
082 0 0 _a331.13 MAS
_221
100 1 _a19
101 _aSHP
245 1 0 _aEthnicity, equality of opportunity, and the British National Health Service /
_cPaul Iganski, David Mason.
504 _aIncludes bibliographical references (p. 166-180) and index.
906 _a7
_bcbc
_corignew
_d2
_eepcn
_f20
_gy-gencatlg
942 _2ddc
_cBK
999 _c40594
_d40594